[Event "It (open)"]
[Site "masterchessopen.com – Moscow (Russia)"]
[Round "8"]
[White "Yemelin Vasily (RUS)"]
[Black "Kalinin Alexander (RUS)"]
[Result "1-0"]
[WhiteElo "2500"]
[BlackElo "2365"]

1.e4 c5 2.Nf3 d6 3.d4 cxd4 4.Nxd4 Nf6 5.Nc3 Nc6 6.Be2 e5 7.Nf3 h6 8.O-O Be7
9.b3 O-O 10.Bb2 Be6 11.Re1 Rc8 12.Bf1 Nb8 13.Nd2 Nbd7 14.Nc4 Nc5 15.f3 Ne8
16.a4 Bh4 17.g3 Be7 18.Nd5 Qd7 19.Nce3 Bg5 20.c4 Nc7 21.b4 N5a6 22.f4 Bxd5
23.cxd5 exf4 24.gxf4 Bxf4 25.Nf5 Be5 26.Bxe5 dxe5 27.Qg4 Ne6 28.Nxh6+ Kh7
29.Nf5 g6 30.Ra3 Qd8 31.Rh3+ Kg8 32.dxe6 Qb6+ 33.Ree3 Qxe6 34.Qh4 {#r} 1-0

[Event "Ch Marshall Chess Club (qual)"]
[Site "masterchessopen.com – New York (USA)"]
[Round "4"]
[White "Moulin Pierre (BEL)"]
[Black "Arnett David A (USA)"]
[Result "1-0"]
[WhiteElo "2300"]
[BlackElo "2350"]

1.e4 c5 2.Nf3 Nc6 3.d4 cxd4 4.Nxd4 Nf6 5.Nc3 d6 6.Be2 e5 7.Nf3 h6 8.O-O Be6
9.Re1 Be7 10.Bf1 O-O 11.Nd5 Bg4 12.h3 Bh5 13.c3 Nxd5 14.exd5 Nb8 15.Be2 Nd7
16.c4 f5 17.Nd4 Bxe2 18.Qxe2 exd4 19.Qxe7 Re8 20.Qxd8 Raxd8 21.Bf4 Ne5 22.b3
g5 23.Bd2 Kf7 24.Kf1 Kf6 25.Rad1 Rg8 26.f4 Nf7 27.Re6+ Kg7 28.Bc1 Rge8 29.Rde1
Kf8 30.g3 a6 31.Bb2 d3 32.Rxe8+ Rxe8 33.Bg7+ {#r} 1-0

[Event "It (open)"]
[Site "masterchessopen.com – Passau (Germany)"]
[Round "0"]
[White "Valenta Vit (CZE)"]
[Black "Meissner Bernd-Guenther (GER)"]
[Result "1-0"]
[WhiteElo "2250"]
[BlackElo "2275"]

1.e4 c5 2.Nf3 d6 3.d4 cxd4 4.Nxd4 Nf6 5.Nc3 Nc6 6.Be2 e5 7.Nf3 Be7 8.O-O O-O
9.Bg5 Be6 10.Bxf6 Bxf6 11.Nd5 Be7 12.Bc4 Rc8 13.Ne3 Nd4 14.Bd5 Nxf3+ 15.Qxf3
Bxd5 16.Nxd5 Bg5 17.Qd3 g6 18.c4 Kh8 19.b3 f5 20.Rad1 Qa5 21.a4 f4 22.f3 Bd8
23.g3 fxg3 24.hxg3 Bb6+ 25.Kg2 Bd4 26.Rh1 Rf7 27.Nf4 exf4 28.Qxd4+ Kg8 29.Qxd6
fxg3 30.Rd3 b5 31.cxb5 a6 32.e5 axb5 33.e6 Rg7 34.e7 Re8 35.Qd8 {#r} 1-0

[Event "Ch Argentina (juniors) (under 16)"]
[Site "masterchessopen.com – Salta (Argentina)"]
[Round "0"]
[White "Jacobo Pablo (ARG)"]
[Black "Fucek Claudio (ARG)"]
[Result "0-1"]
[WhiteElo "2244"]
[BlackElo "2240"]

1.e4 c5 2.Nf3 d6 3.d4 cxd4 4.Nxd4 Nf6 5.Nc3 Nc6 6.Be2 e5 7.Nf3 h6 8.h3 Be7
9.Be3 O-O 10.O-O Be6 11.Qd2 Rc8 12.Rad1 a6 13.Nh4 b5 14.a3 Na5 15.f4 Nc4
16.Bxc4 Rxc4 17.f5 Bd7 18.Bxh6 gxh6 19.Qxh6 Rxc3 20.bxc3 Nxe4 21.Nf3 Bxf5
22.Qe3 Qc8 23.Nxe5 dxe5 24.Qh6 Bg5 25.Qb6 Bg6 26.Rd5 Qxc3 27.Rd3 Qxc2 28.Rdf3
Qc5+ 29.Qxc5 Nxc5 30.Rc3 Bd2 31.Rcf3 e4 {#R} 0-1

[Event "Ch St. Petersburg"]
[Site "masterchessopen.com – St. Petersburg (Russia)"]
[Round "0"]
[White "Yemelin Vasily (RUS)"]
[Black "Lukin Andrei M (RUS)"]
[Result "0-1"]
[WhiteElo "2500"]
[BlackElo "2440"]

1.e4 c5 2.Nf3 d6 3.d4 cxd4 4.Nxd4 Nf6 5.Nc3 Nc6 6.Be2 e5 7.Nf3 h6 8.O-O Be7
9.b3 O-O 10.Bb2 a6 11.a4 Qc7 12.Re1 Bd7 13.Bf1 Rac8 14.Nd5 Nxd5 15.exd5 Nb8
16.c4 Bg4 17.a5 f5 18.h3 Bh5 19.Be2 Bf6 20.Nd2 Bxe2 21.Rxe2 Nd7 22.b4 e4
23.Bxf6 Rxf6 24.g4 Rg6 25.Ra3 h5 26.Rg3 hxg4 27.hxg4 f4 28.Rh3 Nf6 29.Kf1 f3
30.Re3 Rxg4 31.Qc2 Qd7 32.Rh1 Re8 33.c5 dxc5 34.d6 Qxd6 35.Qc4+ Qd5 36.bxc5
Rd8 {#R} 0-1

[Event "Memorial S.Furman"]
[Site "masterchessopen.com – St. Petersburg (Russia)"]
[Round "6"]
[White "Vasiukov Evgeni (RUS)"]
[Black "Gurgenidze Bukhuti (GEO)"]
[Result "1-0"]
[WhiteElo "2515"]
[BlackElo "2375"]

1.e4 c5 2.Nf3 d6 3.d4 cxd4 4.Nxd4 Nf6 5.Nc3 Nc6 6.Be2 e5 7.Nf3 Be7 8.Bg5 O-O
9.O-O Be6 10.Qd2 Ne8 11.Be3 Nc7 12.Rad1 Qe8 13.Nd5 Bd8 14.c4 f6 15.Nh4 Na6
16.b4 Nc7 17.a3 g5 18.Nf5 Nxd5 19.Nh6+ Kg7 20.exd5 Kxh6 21.dxe6 Bb6 22.c5 dxc5
23.bxc5 Ba5 24.Qd7 Rd8 25.Qxb7 Qxe6 26.h4 Rf7 27.Qa6 Qc8 28.Qc4 Kg7 29.hxg5 f5
30.Qh4 Nd4 31.Rxd4 exd4 32.Bxd4+ Rxd4 33.Qxd4+ Kg6 {#r} 1-0

[Event "It (open)"]
[Site "masterchessopen.com – Werfen (Austria)"]
[Round "2"]
[White "Kyas Juergen (GER)"]
[Black "Krakops Maris (LAT)"]
[Result "0-1"]
[WhiteElo "2195"]
[BlackElo "2525"]

1.e4 c5 2.Nf3 d6 3.d4 cxd4 4.Nxd4 Nf6 5.Nc3 Nc6 6.Be2 e5 7.Nf3 h6 8.O-O Be7
9.Re1 O-O 10.h3 Be6 11.Bf1 Nb8 12.Nd5 Nxd5 13.exd5 Bf5 14.c4 Nd7 15.Be3 Bh7
16.b4 f5 17.c5 f4 18.Bc1 dxc5 19.d6 Bf6 20.bxc5 Kh8 21.Ba3 Qa5 22.Bb2 e4
23.Bxf6 Rxf6 24.Nd2 Nxc5 25.Nc4 Qd8 26.Qd5 Rc8 27.Rad1 Bg8 28.Qd4 Nd3 29.Rxe4
Rxc4 30.Qxd3 Rxe4 31.Qxe4 Rxd6 32.Rxd6 Qxd6 33.Qxb7 Qa3 34.Bc4 {#R} 0-1

[Event "Ch Armed Forces"]
[Site "masterchessopen.com – Zhavoronki (Russia)"]
[Round "0"]
[White "Cherniaev Alexander (RUS)"]
[Black "Belikov Vladimir (RUS)"]
[Result "0-1"]
[WhiteElo "2278"]
[BlackElo "2480"]

1.e4 c5 2.Nf3 d6 3.d4 cxd4 4.Nxd4 Nf6 5.Nc3 Nc6 6.Be2 e5 7.Nf3 Be7 8.O-O Be6
9.Re1 Rc8 10.Bf1 Nb8 11.h3 O-O 12.a4 h6 13.a5 a6 14.Nd5 Nxd5 15.exd5 Bf5 16.c4
Bh7 17.b4 e4 18.Nd2 Bf6 19.Ra2 Re8 20.Bb2 Bxb2 21.Rxb2 Nd7 22.Rb3 Rb8 23.Qa1
f5 24.Qd4 Rc8 25.Rc1 Qe7 26.Rbc3 f4 27.Nb3 Qg5 28.c5 Ne5 29.Nd2 dxc5 30.bxc5
Rcd8 31.d6 Nc6 32.Qa4 Kh8 33.Bxa6 f3 34.Bf1 Qxd2 {#R} 0-1

[Event "Ch Asturias (qual.)"]
[Site "masterchessopen.com – Asturias (Spain)"]
[Round "0"]
[White "Lana Prieto Jose Ramon (ESP)"]
[Black "Juan Roldan Jose Luis (ESP)"]
[Result "0-1"]
[WhiteElo "2033"]
[BlackElo "2304"]

1.e4 c5 2.Nf3 d6 3.d4 cxd4 4.Nxd4 Nf6 5.Nc3 Nc6 6.Be2 e5 7.Nf3 Be7 8.Bg5 Be6
9.O-O O-O 10.Re1 Rc8 11.Qd2 Na5 12.Bd3 Nc4 13.Bxc4 Rxc4 14.Rad1 Qb6 15.Bxf6
gxf6 16.Re3 Kh8 17.Nh4 f5 18.Rh3 fxe4 19.Qh6 Bxh3 20.gxh3 Rg8+ 21.Kf1 Bg5
22.Qh5 Rxc3 23.bxc3 Qb5+ {#R} 0-1

[Event "Ch Yugoslavia (team) (w)"]
[Site "masterchessopen.com – Budva (Yugoslavia)"]
[Round "7"]
[White "Gaponenko Inna (UKR)"]
[Black "Ramic Tina (SRB)"]
[Result "1-0"]
[WhiteElo "2340"]
[BlackElo "2033"]

1.e4 c5 2.Nf3 Nc6 3.d4 cxd4 4.Nxd4 Nf6 5.Nc3 d6 6.Be2 e5 7.Nf3 h6 8.O-O Be7
9.Re1 O-O 10.h3 Be6 11.Bf1 Nb8 12.b3 Qc7 13.Bb2 Nbd7 14.Nd2 Rac8 15.a4 Qa5
16.Qf3 d5 17.exd5 Nxd5 18.Nc4 Qc5 19.Nb5 Nb4 20.Ba3 a6 21.c3 Qc6 22.Qg3 axb5
23.axb5 Qc7 24.Bxb4 Bxb4 25.cxb4 f6 26.Qe3 Ra8 27.Rac1 Qd8 28.Red1 Qe7 29.Nd6
Ra3 30.Bc4 b6 31.Nf5 Qf7 32.Qg3 Kh8 33.Bxe6 {#r} 1-0

[Event "Tournament FMDA (team)"]
[Site "masterchessopen.com – Buenos Aires (Argentina)"]
[Round "7"]
[White "Seminara Juan Pablo (ARG)"]
[Black "Figueirido Mario (ARG)"]
[Result "1-0"]
[WhiteElo "2275"]
[BlackElo "2184"]

1.e4 c5 2.Nf3 d6 3.d4 cxd4 4.Nxd4 Nf6 5.Nc3 Nc6 6.Be2 e5 7.Nf3 h6 8.h3 Be7
9.O-O O-O 10.Re1 Be6 11.Bf1 Rc8 12.Nd5 Bxd5 13.exd5 Nb8 14.c4 Nbd7 15.b4 Re8
16.Qb3 Bf8 17.Be3 a6 18.Rac1 Qc7 19.Red1 Qb8 20.Nd2 Nh5 21.Qb1 g6 22.Nb3 e4
23.c5 f5 24.c6 Ndf6 25.cxb7 Qxb7 26.Na5 Qa8 27.Bd4 Kh7 28.Rc6 Rxc6 29.dxc6 Rc8
30.Qb2 Ne8 31.Qb3 d5 32.Qxd5 Bxb4 33.Qf7+ Neg7 34.Bxg7 Nxg7 35.Rd7 Bc3 36.Rd6
{#r} 1-0

[Event "Ch World (juniors) (under 14) (g)"]
[Site "masterchessopen.com – Cala Galdana (Spain)"]
[Round "2"]
[White "Samborska Marta (POL)"]
[Black "Krush Irina (USA)"]
[Result "1-0"]
[WhiteElo "2064"]
[BlackElo "2472"]

1.e4 c5 2.Nf3 d6 3.d4 cxd4 4.Nxd4 Nf6 5.Nc3 Nc6 6.Be2 e5 7.Nf3 h6 8.O-O Be6
9.Re1 Be7 10.h3 O-O 11.Bf1 Rc8 12.a3 Re8 13.Nd5 Na5 14.b3 Nxd5 15.exd5 Bf5
16.Bd3 Bxd3 17.Qxd3 Bf6 18.Re4 Qc7 19.Ra2 Be7 20.Rg4 Kh8 21.Qf5 Bf8 22.Bxh6
gxh6 23.Qf6+ Kh7 24.Ng5+ hxg5 25.Qxg5 {#r} 1-0

[Event "Ch World (juniors) (under 16)"]
[Site "masterchessopen.com – Cala Galdana (Spain)"]
[Round "1"]
[White "Asrian Karen (ARM)"]
[Black "Atakisi Umut (TUR)"]
[Result "1-0"]
[WhiteElo "2380"]
[BlackElo "2359"]

1.e4 c5 2.Nf3 d6 3.d4 cxd4 4.Nxd4 Nf6 5.Nc3 Nc6 6.Be2 e5 7.Nf3 h6 8.O-O Be7
9.h3 O-O 10.Re1 Be6 11.Bf1 Rc8 12.Nd5 Bxd5 13.exd5 Nb8 14.c4 Nfd7 15.b3 f5
16.Bb2 Na6 17.a3 Nac5 18.b4 Ne4 19.Bd3 Qb6 20.Bxe4 fxe4 21.Rxe4 Nf6 22.c5 Qd8
23.Re2 dxc5 24.Nxe5 Re8 25.Ng6 Nxd5 26.Re5 {#r} 1-0

[Event "Ch Finland (team) 1995/96"]
[Site "masterchessopen.com – Finland"]
[Round "7"]
[White "Lehti Juhani (FIN)"]
[Black "Pikler Tamas (HUN)"]
[Result "0-1"]
[WhiteElo "2233"]
[BlackElo "2065"]

1.e4 c5 2.Nf3 Nc6 3.d4 cxd4 4.Nxd4 Nf6 5.Nc3 d6 6.Be2 e5 7.Nf3 h6 8.Be3 Be7
9.O-O O-O 10.Qd2 Be6 11.Rad1 a6 12.Ne1 b5 13.a3 Na5 14.f4 Nc4 15.Bxc4 Bxc4
16.Rf3 Ng4 17.Nd3 Rc8 18.Kh1 Nxe3 19.Qxe3 exf4 20.Nxf4 Bf6 21.Qd2 Be5 22.Nfd5
Bxd5 23.Qxd5 Rc4 24.Qb7 Qh4 25.g3 Qg4 26.Rdf1 Bxc3 27.Rxf7 Bf6 28.Rxf8+ Kxf8
29.Qb8+ Kf7 30.Qb7+ Kg6 31.Rf4 Qd1+ {#R} 0-1

[Event "Oberliga NRW 1995/96"]
[Site "masterchessopen.com – Germany"]
[Round "0"]
[White "Juelich Thomas (GER)"]
[Black "Mainka Gregor (GER)"]
[Result "1-0"]
[WhiteElo "2145"]
[BlackElo "2370"]

1.e4 c5 2.Nf3 d6 3.d4 cxd4 4.Nxd4 Nf6 5.Nc3 Nc6 6.Be2 e5 7.Nf3 Be7 8.O-O O-O
9.Bg5 Be6 10.Qd2 Rc8 11.Rfd1 Qb6 12.Be3 Qxb2 13.Rab1 Qa3 14.Rxb7 Rfd8 15.Ng5
d5 16.Nb5 Qxa2 17.Nxa7 Nxe4 18.Nxe4 dxe4 19.Nxc8 Bf8 20.Qxd8 Nxd8 21.Rxd8 h6
22.h3 Kh7 23.Rxf8 Kg6 24.Ne7+ Kf6 25.Ng8+ Kg6 26.h4 Kh7 27.Ne7 {#r} 1-0

[Event "Ch Yugoslavia (1/2 final) (open)"]
[Site "masterchessopen.com – Kladovo (Yugoslavia)"]
[Round "4"]
[White "Brankovic Dejan (SRB)"]
[Black "Lekic Dusan (MNE)"]
[Result "0-1"]
[WhiteElo "2370"]
[BlackElo "2410"]

1.e4 c5 2.Nf3 Nc6 3.d4 cxd4 4.Nxd4 Nf6 5.Nc3 d6 6.Be2 e5 7.Nf3 h6 8.h3 Be7
9.Bc4 a6 10.Be3 Be6 11.Bxe6 fxe6 12.Qe2 b5 13.O-O-O Qa5 14.g4 b4 15.Nb1 Qxa2
16.g5 hxg5 17.Nxg5 Rc8 18.Kd2 Nd4 19.Bxd4 exd4 20.Rhg1 b3 21.Na3 bxc2 22.Rc1
Qxb2 23.Qxa6 O-O 24.Qd3 Qb4+ 25.Ke2 Rc3 26.Nxc2 Qb2 27.Rb1 Rxc2+ 28.Kf3 Nxe4+
29.Kg4 Nxf2+ 30.Kh5 Nxd3 31.Rxb2 Nf4+ {#R} 0-1

[Event "It (open)"]
[Site "masterchessopen.com – Linares (Spain)"]
[Round "4"]
[White "Glek Igor V (GER)"]
[Black "Stefansson Hannes (ISL)"]
[Result "1-0"]
[WhiteElo "2670"]
[BlackElo "2560"]

1.e4 c5 2.Nf3 d6 3.d4 cxd4 4.Nxd4 Nf6 5.Nc3 Nc6 6.Be2 e5 7.Nf3 h6 8.O-O Be7
9.Re1 O-O 10.h3 a6 11.Bf1 Qc7 12.Nh2 b5 13.Ng4 Bxg4 14.hxg4 b4 15.Nd5 Nxd5
16.exd5 Nd4 17.Bd3 Qc5 18.Be3 Bf6 19.Rc1 Qa5 20.c3 bxc3 21.bxc3 Nb5 22.Qf3 Qd8
23.Qe4 Re8 24.c4 Nc7 25.Qh7+ Kf8 26.c5 Nxd5 27.cxd6 g5 28.Bc4 {#r} 1-0

[Event "Cup Russia (open)"]
[Site "masterchessopen.com – Omsk (Russia)"]
[Round "9"]
[White "Loskutov Oleg (RUS)"]
[Black "Ermekov Almas (KAZ)"]
[Result "0-1"]
[WhiteElo "2395"]
[BlackElo "2260"]

1.e4 c5 2.Nf3 d6 3.d4 cxd4 4.Nxd4 Nf6 5.Nc3 Nc6 6.Be2 e5 7.Nf3 h6 8.O-O Be7
9.Re1 Be6 10.h3 O-O 11.Bf1 Nb8 12.b3 Nbd7 13.Bb2 Qc7 14.Nh4 a6 15.Qf3 Nc5
16.Nf5 b5 17.b4 Bxf5 18.Qxf5 Ne6 19.Qf3 Nd4 20.Qd1 d5 21.f4 Bxb4 22.fxe5 Bxc3
23.Bxc3 Qxc3 24.exf6 Nxc2 25.Rc1 Qxe1 26.Qxc2 Qxe4 27.Qd2 Rfe8 28.Rc3 Qe1
29.Qc2 Re6 30.Rc8+ Rxc8 31.Qxc8+ Kh7 32.fxg7 Kxg7 33.Qd7 Rf6 {#R} 0-1

[Event "It (open) (juniors) (under 16)"]
[Site "masterchessopen.com – Plzen (Czech Republic)"]
[Round "9"]
[White "Pirklova Hana (CZE)"]
[Black "Foglar Stanislav (CZE)"]
[Result "0-1"]
[WhiteElo "2107"]
[BlackElo "2007"]

1.e4 c5 2.Nf3 d6 3.d4 cxd4 4.Nxd4 Nf6 5.Nc3 Nc6 6.Be2 e5 7.Nf3 h6 8.O-O Be7
9.h3 O-O 10.Be3 Be6 11.Bb5 a6 12.Bxc6 bxc6 13.Qe2 Qc7 14.Rad1 d5 15.exd5 cxd5
16.Bc1 d4 17.Nxd4 Bc4 18.Ndb5 axb5 19.Nxb5 Qc5 {#R} 0-1

[Event "Ch Poland (team) (disctrict)"]
[Site "masterchessopen.com – Slask (Poland)"]
[Round "0"]
[White "Drzazga Rafal (POL)"]
[Black "Niwinski Wlodzimierz (POL)"]
[Result "1-0"]
[WhiteElo "2095"]
[BlackElo "2057"]

1.e4 c5 2.Nf3 Nc6 3.d4 cxd4 4.Nxd4 Nf6 5.Nc3 d6 6.Be2 e5 7.Nf3 h6 8.Bc4 Be7
9.O-O O-O 10.Be3 a6 11.a3 b5 12.Ba2 Be6 13.Qe2 Bxa2 14.Nxa2 Nxe4 15.Bxh6 d5
16.Be3 Qc7 17.Rad1 Rfd8 18.c3 Rac8 19.Rfe1 Rd7 20.Nb4 Nxb4 21.axb4 Bf6 22.Rd3
Qc4 23.Qd1 Re8 24.h3 Bd8 25.h4 f5 26.Ng5 Nxg5 27.hxg5 f4 28.Bd4 e4 29.Qh5 Re6
30.Rh3 {#r} 1-0

[Event "Ch Croatia (team) (2nd league)"]
[Site "masterchessopen.com – Tucepi (Croatia)"]
[Round "9"]
[White "Marinkovic Stjepko (CRO)"]
[Black "Novak Danijel (CRO)"]
[Result "0-1"]
[WhiteElo "2217"]
[BlackElo "2265"]

1.e4 c5 2.Nf3 Nc6 3.d4 cxd4 4.Nxd4 Nf6 5.Nc3 d6 6.Be2 e5 7.Nf3 h6 8.O-O Be7
9.h3 O-O 10.Re1 Be6 11.Bf1 Qa5 12.Bd2 Qc7 13.Nb5 Qb8 14.c4 a6 15.Nc3 b5
16.cxb5 axb5 17.Bxb5 Nd4 18.Nxd4 exd4 19.Nd5 Bxd5 20.exd5 Qxb5 21.Rxe7 Qxb2
22.Re2 Qb5 23.Rb1 Qxd5 24.Bb4 Ne4 25.f3 Ng3 26.Rd2 Rxa2 27.Rxa2 Qxa2 28.Bxd6
Ne2+ 29.Kh1 Nc3 {#R} 0-1

[Event "Olympiad"]
[Site "masterchessopen.com – Yerevan (Armenia)"]
[Round "9"]
[White "Zhang Zhong (SIN)"]
[Black "Aguilar Juan (PER)"]
[Result "1-0"]
[WhiteElo "2425"]
[BlackElo "2305"]

1.e4 c5 2.Nf3 d6 3.d4 cxd4 4.Nxd4 Nf6 5.Nc3 Nc6 6.Be2 e5 7.Nf3 h6 8.O-O Be7
9.Re1 O-O 10.h3 Be6 11.Bf1 Nb8 12.b3 Nbd7 13.Bb2 Rc8 14.Nd2 a6 15.a4 Qc7
16.Nc4 Nc5 17.a5 Qc6 18.Nb6 Rcd8 19.Nbd5 Rfe8 20.Bc4 Bxd5 21.Bxd5 Qc8 22.Bc4
Ne6 23.Nd5 Nf4 24.Nxf4 exf4 25.Qf3 g5 26.e5 dxe5 27.Rxe5 Bf8 28.Rae1 Qc7
29.Rxe8 Rxe8 30.Rxe8 Nxe8 31.Qe4 Ng7 32.Bd3 f5 33.Qd5+ Qf7 34.Bc4 Qxd5
35.Bxd5+ Kh7 36.Bc3 {#r} 1-0

[Event "Olympiad (w)"]
[Site "masterchessopen.com – Yerevan (Armenia)"]
[Round "8"]
[White "Wang Pin (CHN)"]
[Black "Prudnikova Svetlana (SRB)"]
[Result "1-0"]
[WhiteElo "2345"]
[BlackElo "2385"]

1.e4 c5 2.Nf3 Nc6 3.d4 cxd4 4.Nxd4 Nf6 5.Nc3 d6 6.Be2 e5 7.Nf3 h6 8.O-O Be7
9.Re1 O-O 10.h3 Re8 11.Bf1 Bf8 12.Nh2 a6 13.Ng4 Nxg4 14.hxg4 Be6 15.Nd5 Rc8
16.g3 Ne7 17.c4 Nxd5 18.exd5 Bd7 19.a4 a5 20.b3 Be7 21.Bd3 b6 22.Kg2 Bg5
23.Ba3 Qe7 24.Qf3 Rcd8 25.Rh1 g6 26.Bc1 e4 27.Bxe4 f5 28.Bxg5 fxe4 29.Qf6 {#r}
1-0

[Event "It (open)"]
[Site "masterchessopen.com – Benasque (Spain)"]
[Round "1"]
[White "Sanz Perez Eduardo (ESP)"]
[Black "Ubilava Elizbar (ESP)"]
[Result "0-1"]
[WhiteElo "2132"]
[BlackElo "2520"]

1.e4 c5 2.Nf3 d6 3.d4 cxd4 4.Nxd4 Nf6 5.Nc3 Nc6 6.Be2 e5 7.Nf3 Be7 8.O-O O-O
9.Bg5 Be6 10.Bxf6 Bxf6 11.Nd5 Bg5 12.Qd3 Bh6 13.Rad1 Rc8 14.c3 Kh8 15.Rfe1 f5
16.Ne3 fxe4 17.Qxe4 Rf4 18.Qc2 Qf8 19.Bd3 d5 20.Bf1 d4 21.cxd4 Nxd4 22.Qd2
Rxf3 23.Qa5 Nc6 24.Qb5 Rf7 {#R} 0-1

[Event "Memorial J.Capablanca (a)"]
[Site "masterchessopen.com – Habana (Cuba)"]
[Round "2"]
[White "Zapata Alonso (COL)"]
[Black "Hernandez Gilberto (MEX)"]
[Result "1-0"]
[WhiteElo "2505"]
[BlackElo "2525"]

1.e4 c5 2.Nf3 Nc6 3.d4 cxd4 4.Nxd4 Nf6 5.Nc3 d6 6.Be2 e5 7.Nf3 h6 8.O-O Be7
9.Re1 O-O 10.Bf1 Bg4 11.h3 Bh5 12.g4 Bg6 13.Bg2 Nh7 14.Nd5 Bg5 15.Nxg5 Nxg5
16.c3 Ne6 17.Be3 Qh4 18.Qd2 h5 19.f3 hxg4 20.hxg4 f6 21.Rad1 Rfd8 22.Bf1 Qg3+
23.Qg2 Qxg2+ 24.Kxg2 Kf7 25.Rd2 Rd7 26.Red1 Kf8 27.Bb5 Rad8 28.Nb4 Nxb4
29.Bxd7 Rxd7 30.cxb4 Ke7 31.Bc5 {#r} 1-0

[Event "Memorial J.Capablanca (b)"]
[Site "masterchessopen.com – Habana (Cuba)"]
[Round "10"]
[White "Rohl Juan (VEN)"]
[Black "Martin Del Campo Roberto (MEX)"]
[Result "1-0"]
[WhiteElo "2390"]
[BlackElo "2485"]

1.e4 c5 2.Nf3 d6 3.d4 cxd4 4.Nxd4 Nf6 5.Nc3 Nc6 6.Be2 e5 7.Nf3 h6 8.O-O Be7
9.Re1 O-O 10.h3 Be6 11.Bf1 Nb8 12.b3 Nbd7 13.Bb2 a6 14.Nd5 Nxd5 15.exd5 Bf5
16.c4 Bh7 17.b4 e4 18.Nd4 Ne5 19.f4 exf3 20.Nxf3 Qb6+ 21.Bd4 Nxf3+ 22.gxf3 Qd8
23.Bd3 Bxd3 24.Qxd3 Bf6 25.Bxf6 Qxf6 26.Kh2 b5 27.cxb5 axb5 28.Re2 Rac8 29.Rg1
Rc4 30.Re4 Ra8 31.Rxc4 bxc4 32.Qxc4 Qxf3 {#r} 1-0

[Event "Ch Club"]
[Site "masterchessopen.com – Helsinki (Finland)"]
[Round "3"]
[White "Kytoniemi Jyrki (FIN)"]
[Black "Paakkonen Timo (FIN)"]
[Result "1-0"]
[WhiteElo "2225"]
[BlackElo "2277"]

1.e4 c5 2.Nf3 Nc6 3.d4 cxd4 4.Nxd4 Nf6 5.Nc3 d6 6.Be2 e5 7.Nf3 h6 8.O-O Be7
9.Re1 O-O 10.h3 Be6 11.Bf1 Re8 12.Nd5 Bxd5 13.exd5 Nb4 14.c4 a5 15.a3 Na6
16.Rb1 Nd7 17.b4 f5 18.c5 axb4 19.c6 bxc6 20.dxc6 Nf6 21.axb4 f4 22.b5 Nc5
23.b6 g5 24.c7 Qc8 25.Bb5 g4 26.hxg4 Qxg4 27.Bxe8 e4 28.Nh2 Qh4 29.Bb5 Kh8
30.Bb2 Rg8 31.c8=Q Rxc8 32.Qg4 Qxg4 33.Nxg4 Kg7 34.Red1 Rd8 35.Bc6 Nd3
36.Bxf6+ {#r} 1-0

[Event "Ch Russia (w) (1 liga)"]
[Site "masterchessopen.com – Kolontaevo (Russia)"]
[Round "1"]
[White "Matvienko Larisa (RUS)"]
[Black "Slavina Irina (RUS)"]
[Result "0-1"]
[WhiteElo "2172"]
[BlackElo "2190"]

1.e4 c5 2.Nf3 Nc6 3.d4 cxd4 4.Nxd4 Nf6 5.Nc3 d6 6.Be2 e5 7.Nf3 h6 8.O-O Be7
9.Re1 O-O 10.h3 Be6 11.Bf1 Nb8 12.a4 a6 13.a5 Nbd7 14.b4 Rc8 15.Nd5 Nxd5
16.exd5 Bf5 17.c4 e4 18.Nd2 Bf6 19.Ra3 Re8 20.Nb3 Ne5 21.c5 Nd3 22.Bxd3 exd3
23.Rxe8+ Qxe8 24.cxd6 Qe2 25.Qd2 Rxc1+ 26.Qxc1 Bb2 27.Qb1 d2 {#R} 0-1

[Event "Ch Russia (1/2 final)"]
[Site "masterchessopen.com – Krasnodar (Russia)"]
[Round "0"]
[White "Beshukov Sergei (RUS)"]
[Black "Shibaev F (RUS)"]
[Result "1-0"]
[WhiteElo "2430"]
[BlackElo "2345"]

1.e4 c5 2.Nf3 Nc6 3.d4 cxd4 4.Nxd4 Nf6 5.Nc3 d6 6.Be2 e5 7.Nf3 Be7 8.O-O O-O
9.Re1 a6 10.Bg5 Be6 11.Bxf6 Bxf6 12.Nd5 Bxd5 13.Qxd5 Qb6 14.Rab1 Rad8 15.Bc4
Rd7 16.c3 g6 17.Qd3 Kh8 18.Nd2 Bg7 19.Nf1 f5 20.exf5 gxf5 21.Be6 e4 22.Qh3 Re7
23.Bxf5 h6 24.Ne3 Qc5 25.Rbd1 Re5 26.Bg4 d5 27.Nf5 Rf6 28.Rf1 Qf8 29.Ne3 Qf7
30.Be2 Rg5 31.Qc8+ Kh7 32.h4 Re5 33.Ng4 Rg6 34.Nxe5 Nxe5 35.Qh3 {#r} 1-0

[Event "Tournament"]
[Site "masterchessopen.com – Petach Tikva (Israel)"]
[Round "5"]
[White "Bar Roman (ISR)"]
[Black "Tsesarsky Ilya (ISR)"]
[Result "0-1"]
[WhiteElo "2210"]
[BlackElo "2445"]

1.e4 c5 2.Nf3 Nc6 3.d4 cxd4 4.Nxd4 Nf6 5.Nc3 d6 6.Be2 e5 7.Nf3 h6 8.O-O Be7
9.Re1 Be6 10.h3 O-O 11.Bf1 Nb8 12.b3 a6 13.a4 Nbd7 14.Bb2 Rc8 15.Nd2 Nc5
16.Qf3 Nh7 17.Nc4 f5 18.exf5 Bxf5 19.Qd1 Ng5 20.Nd5 Rc6 21.Na5 Nxh3+ 22.gxh3
Bh4 23.Qd2 Ne4 24.Rxe4 Bxe4 25.Nxc6 Bxf2+ 26.Qxf2 Qg5+ 27.Qg2 Rxf1+ {#R} 0-1

[Event "Ch Spain (team) (a)"]
[Site "masterchessopen.com – Ponferrada (Spain)"]
[Round "9"]
[White "Abreu Suarez Isauro (ESP)"]
[Black "Corral Blanco Juan Antonio (ESP)"]
[Result "0-1"]
[WhiteElo "2055"]
[BlackElo "2425"]

1.e4 c5 2.Nf3 Nc6 3.d4 cxd4 4.Nxd4 Nf6 5.Nc3 d6 6.Be2 e5 7.Nf3 h6 8.O-O Be7
9.Re1 O-O 10.h3 a6 11.Bf1 Qc7 12.Be3 Na5 13.a4 Be6 14.Nh2 Rac8 15.Ng4 Nxg4
16.hxg4 Bg5 17.Nd5 Bxd5 18.Qxd5 Bxe3 19.Rxe3 Qb6 20.Bd3 Qxb2 21.Rf1 Qb6 22.Rg3
Rc5 23.Qa2 Qd8 24.Qb1 Qe7 25.f4 exf4 26.Rxf4 Nc6 27.Rf5 Ne5 {#R} 0-1

[Event "It"]
[Site "masterchessopen.com – Tivat (Yugoslavia)"]
[Round "10"]
[White "Zontakh Andrey (UKR)"]
[Black "Vukovic Zdravko (MNE)"]
[Result "1-0"]
[WhiteElo "2565"]
[BlackElo "2410"]

1.e4 c5 2.Nf3 Nc6 3.d4 cxd4 4.Nxd4 Nf6 5.Nc3 d6 6.Be2 e5 7.Nf3 h6 8.O-O Be7
9.Re1 O-O 10.h3 Be6 11.Bf1 d5 12.exd5 Nxd5 13.Nxd5 Qxd5 14.Qxd5 Bxd5 15.Nxe5
Nb4 16.Bd3 Bxa2 17.b3 Rfc8 18.Re4 a5 19.Bc4 Bf6 20.Bd2 Rc5 21.f4 b5 22.Bxb4
axb4 23.Bxf7+ Kf8 24.Rf1 Rxc2 25.Bd5 {#r} 1-0

[Event "Staatsliga B 1997/98"]
[Site "masterchessopen.com – Austria"]
[Round "7"]
[White "Holzer Gerhard (AUT)"]
[Black "Froeschl Felix (AUT)"]
[Result "0-1"]
[WhiteElo "2183"]
[BlackElo "2167"]

1.e4 c5 2.Nf3 d6 3.d4 cxd4 4.Nxd4 Nf6 5.Nc3 Nc6 6.Be2 e5 7.Nf3 h6 8.O-O Be6
9.Re1 Be7 10.Bf1 O-O 11.Nd5 Bxd5 12.exd5 Nb8 13.c4 Nbd7 14.Rb1 a5 15.Nh4 Re8
16.Nf5 Bf8 17.Be3 Kh7 18.f3 g6 19.Ng3 b6 20.Bd3 Nc5 21.Bc2 Nfd7 22.a3 f5 23.b4
axb4 24.axb4 Nb7 25.Qd3 Qf6 26.Nxf5 e4 27.fxe4 gxf5 28.Rf1 fxe4 29.Qd2 Qg6
30.Rf3 Bg7 31.Rg3 Qf6 32.Rf1 Ra1 33.Bd1 Qe7 34.Rh3 Rf8 35.Re1 Qf6 36.Bd4 {#R}
0-1